[Event "2e Open International de Balagne"]
[Site "Calvi"]
[Date "2005.02.21"]
[Round "3.40"]
[White "Orsini, Julien"]
[Black "Pinelli, Charles"]
[Result "0-1"]
[WhiteElo "1270"]
[BlackElo "1499"]
[PlyCount "58"]
[EventDate "2005.??.??"]

1. e4 e5 2. Nf3 Nc6 3. Bb5 Nf6 4. Bxc6 dxc6 5. Nxe5 Bd6 6. Nc4 Nxe4 7. Nxd6+
cxd6 8. d3 Nf6 9. Bg5 Qe7+ 10. Be3 O-O 11. O-O Nd5 12. Re1 Qc7 13. c4 Nf6 14.
Nc3 Bd7 15. Bg5 Ng4 16. f3 Qb6+ 17. d4 f6 18. Bxf6 Nxf6 19. b3 Rae8 20. Rxe8
Rxe8 21. Na4 Qc7 22. Qd3 Qa5 23. Nc3 Qb4 24. h3 Nh5 25. g4 Nf4 26. Qc2 Nxh3+
27. Kh2 Nf4 28. Qd2 Ne2 29. d5 Qxc3 0-1

[Event "2e Open International de Balagne"]
[Site "Calvi"]
[Date "2005.02.22"]
[Round "4.1"]
[White "Chatalbashev, Boris"]
[Black "Guidarelli, Laurent"]
[Result "0-1"]
[WhiteElo "2538"]
[BlackElo "2438"]
[PlyCount "78"]
[EventDate "2005.??.??"]

1. d4 d5 2. c4 c6 3. e3 Nf6 4. Nc3 a6 5. Nf3 b5 6. c5 g6 7. Bd3 Bg7 8. h3 O-O
9. O-O Nbd7 10. a3 Qc7 11. e4 dxe4 12. Nxe4 Nxe4 13. Bxe4 Rd8 14. Qe2 Nf8 15.
Be3 Be6 16. a4 Bc4 17. Bd3 Bd5 18. Ne1 Ne6 19. Nc2 Bb3 20. axb5 axb5 21. Rxa8
Rxa8 22. Na1 Bd5 23. Nc2 Ra4 24. Rd1 Bb3 25. Be4 f5 26. Bf3 Rc4 27. Rc1 f4 28.
Bg4 Nf8 29. Na1 fxe3 30. Nxb3 exf2+ 31. Kf1 Qh2 32. Qxf2 Bxd4 33. Nxd4 Qh1+ 34.
Ke2 Qxc1 35. Kd3 Qb1+ 36. Ke3 e5 37. Ne2 Qe4+ 38. Kd2 Qc2+ 39. Ke1 Qb1+ 0-1

[Event "2e Open International de Balagne"]
[Site "Calvi"]
[Date "2005.02.22"]
[Round "4.2"]
[White "Fossum, Atle Byum"]
[Black "Hamdouchi, Hicham"]
[Result "0-1"]
[WhiteElo "1974"]
[BlackElo "2555"]
[PlyCount "76"]
[EventDate "2005.??.??"]

1. c4 Nf6 2. g3 c6 3. Nf3 d5 4. b3 dxc4 5. bxc4 e5 6. Bb2 e4 7. Nd4 a5 8. Bg2
a4 9. O-O Nbd7 10. Nf5 a3 11. Bc3 Nc5 12. Ne3 Be7 13. Bb4 Ne6 14. Bxe7 Qxe7 15.
Nc3 Nc5 16. d4 exd3 17. exd3 O-O 18. d4 Rd8 19. d5 Qc7 20. Qd4 Qa5 21. Rfd1 Ne6
22. Qe5 Nd7 23. Qd6 Ndf8 24. Qe5 Ng6 25. Qh5 Qxc3 26. dxe6 Bxe6 27. Rac1 Qe5
28. Qxe5 Nxe5 29. Rxd8+ Rxd8 30. Rb1 Nxc4 31. Rxb7 Nxe3 32. fxe3 Rd1+ 33. Kf2
g5 34. Bxc6 Rd2+ 35. Kg1 Rxa2 36. Ra7 Ra1+ 37. Kg2 a2 38. e4 Rc1 0-1

[Event "2e Open International de Balagne"]
[Site "Calvi"]
[Date "2005.02.22"]
[Round "4.3"]
[White "Autran, Yann"]
[Black "Agdestein, Simen"]
[Result "0-1"]
[WhiteElo "2025"]
[BlackElo "2586"]
[PlyCount "156"]
[EventDate "2005.??.??"]

1. e4 e6 2. d4 d5 3. Nc3 Bb4 4. a3 Bxc3+ 5. bxc3 dxe4 6. Qg4 Nf6 7. Qxg7 Rg8 8.
Qh6 Rg6 9. Qd2 b6 10. Bb2 Bb7 11. O-O-O Qe7 12. Ne2 Nbd7 13. h3 O-O-O 14. c4
Ne8 15. Nf4 Rg8 16. Qe3 Nd6 17. g4 c5 18. d5 e5 19. Nh5 f5 20. Be2 f4 21. Qb3
Qh4 22. f3 exf3 23. Qxf3 Rgf8 24. Bd3 Rf7 25. Rde1 Re8 26. Be4 Qe7 27. Rhg1 Ba6
28. g5 Bxc4 29. g6 hxg6 30. Bxg6 e4 31. Qg4 f3 32. Bxf7 Qxf7 33. Nf6 Rf8 34.
Be5 f2 35. Nxd7 Qxd7 36. Bxd6 Qxg4 37. hxg4 Rg8 38. Bg3 fxg1=Q 39. Rxg1 Rxg4
40. Bf2 Rf4 41. Rg8+ Kb7 42. Rg7+ Ka6 43. Be3 Rf1+ 44. Kd2 Bxd5 45. Rd7 Rf5 46.
Rh7 Bf7 47. Rh4 Bg6 48. Rh6 Rf6 49. Kc3 Kb5 50. Rh1 Rf3 51. Re1 Rg3 52. Rb1+
Ka4 53. Re1 Bh5 54. Kb2 Rg2 55. Kc3 Bg4 56. Kb2 Be2 57. Kc3 Bb5 58. Bd2 Bc6 59.
Be3 Rg3 60. Kb2 Bd5 61. Kc3 Kxa3 62. Ra1+ Ba2 63. Re1 a5 64. Kd2 Kb2 65. Bf4
Rg2+ 66. Ke3 Kxc2 67. Kxe4 b5 68. Rc1+ Kb3 69. Rxc5 Ka4 70. Bc7 Rg7 71. Kd4 Bc4
72. Kc3 Rf7 73. Kb2 Kb4 74. Bd6 Rf2+ 75. Kc1 Kc3 76. Be5+ Kb3 77. Bg3 Rc2+ 78.
Kd1 Be2+ 0-1

[Event "2e Open International de Balagne"]
[Site "Calvi"]
[Date "2005.02.22"]
[Round "4.4"]
[White "Baklan, Vladimir"]
[Black "Muzychuk, Anna"]
[Result "1-0"]
[WhiteElo "2578"]
[BlackElo "2387"]
[PlyCount "131"]
[EventDate "2005.??.??"]

1. e4 d5 2. exd5 Nf6 3. Bb5+ Bd7 4. Be2 Nxd5 5. d4 Bf5 6. Nf3 e6 7. O-O Be7 8.
c4 Nb4 9. Na3 O-O 10. Be3 c6 11. Qb3 a5 12. Rfd1 Nd7 13. Rd2 a4 14. Qd1 Nf6 15.
Qc1 Ne4 16. Rd1 b6 17. Nb1 Nd6 18. Ne1 b5 19. a3 Bxb1 20. Rxb1 Na6 21. c5 Nf5
22. Bf3 Rc8 23. Be4 Nb8 24. Nf3 Nxe3 25. Qxe3 Nd7 26. Ne5 Nxe5 27. dxe5 Qc7 28.
Rbc1 g6 29. Rd6 Qa7 30. h4 Bxd6 31. exd6 e5 32. h5 Qd7 33. Rc3 Qg4 34. Rd3 Rfd8
35. Bf3 Qf5 36. Rd1 Kg7 37. h6+ Kg8 38. Re1 Re8 39. Qc3 Qe6 40. Bd1 Ra8 41. Qf3
e4 42. Qc3 Qe5 43. Qb4 Qf4 44. d7 Red8 45. Qd4 Qxh6 46. Rxe4 Qg7 47. Qd6 Qxb2
48. Bf3 Kg7 49. Rd4 Qc1+ 50. Rd1 Qxa3 51. Bxc6 Rab8 52. Bd5 Qb4 53. Qe5+ f6 54.
Qe7+ Kh6 55. Qe3+ Kg7 56. c6 Qd6 57. Bf3 Qc7 58. Qe7+ Kh6 59. Qxf6 Rf8 60. Qe7
a3 61. Qxa3 b4 62. Qe3+ Kg7 63. Qe7+ Rf7 64. Qd6 Qxd6 65. Rxd6 b3 66. c7 1-0

[Event "2e Open International de Balagne"]
[Site "Calvi"]
[Date "2005.02.22"]
[Round "4.5"]
[White "Malakhatko, Vadim"]
[Black "Fossum, Oystein Boyum"]
[Result "1-0"]
[WhiteElo "2569"]
[BlackElo "2214"]
[PlyCount "71"]
[EventDate "2005.??.??"]

1. d4 e6 2. c4 d5 3. Nc3 c6 4. Nf3 f5 5. Bf4 Nf6 6. e3 Be7 7. Bd3 Ne4 8. Qc2
Nd7 9. h3 g5 10. Bh2 Bf6 11. g4 Nxc3 12. bxc3 fxg4 13. hxg4 Qe7 14. Bg3 h6 15.
e4 dxc4 16. Bxc4 e5 17. Bb3 Kf8 18. O-O-O Kg7 19. Kb1 Re8 20. Rde1 a5 21. dxe5
Nxe5 22. Nxe5 Bxe5 23. Bxe5+ Qxe5 24. f4 gxf4 25. Rh5 Qf6 26. g5 hxg5 27. Reh1
Be6 28. Rh7+ Kf8 29. R1h6 Qe5 30. Bxe6 Rxe6 31. Rxe6 Qxe6 32. Rh8+ Kg7 33. Rxa8
f3 34. Rxa5 Qg4 35. Rf5 Qg1+ 36. Qc1 1-0

[Event "2e Open International de Balagne"]
[Site "Calvi"]
[Date "2005.02.22"]
[Round "4.6"]
[White "Vuckovic, Bojan"]
[Black "Borchgrevink, Harald"]
[Result "1/2-1/2"]
[WhiteElo "2525"]
[BlackElo "2257"]
[PlyCount "198"]
[EventDate "2005.??.??"]

1. e4 c5 2. Nf3 Nc6 3. d4 cxd4 4. Nxd4 e5 5. Nb5 d6 6. N1c3 a6 7. Na3 Be6 8.
Nc4 b5 9. Ne3 Nf6 10. Ned5 Be7 11. a4 b4 12. Nxf6+ Bxf6 13. Nd5 O-O 14. Bc4 a5
15. O-O Rc8 16. Ba6 Rb8 17. c3 Bxd5 18. exd5 Ne7 19. Bb5 bxc3 20. bxc3 Nc8 21.
c4 Nb6 22. Bd2 Ra8 23. Qe1 Nd7 24. Bxa5 Rxa5 25. Bxd7 Qc7 26. Bc6 Rb8 27. Qe4
Ra7 28. Rfb1 Rxb1+ 29. Rxb1 g6 30. g3 Bd8 31. Qe3 Kg7 32. c5 dxc5 33. Qxc5 Rxa4
34. d6 Qa5 35. Bb5 Rd4 36. Qxe5+ Bf6 37. Qc5 Qa2 38. Rc1 Qd5 39. Qxd5 Rxd5 40.
Be8 Rxd6 41. Rc7 Re6 42. Bb5 Re7 43. Rc2 Rb7 44. Rc5 Re7 45. Bc4 Bd4 46. Rd5
Ba7 47. Rd3 Rc7 48. Bb3 Bb6 49. Kg2 Ba5 50. Rf3 Bb6 51. Rf4 Ba5 52. Ra4 Bb6 53.
Rb4 Ba7 54. Rb5 Rd7 55. Bd5 Rc7 56. Rb2 Bd4 57. Ra2 Bb6 58. Kf3 Rc3+ 59. Ke4
Rc7 60. h4 Re7+ 61. Kf3 h5 62. Kg2 Rd7 63. Bc6 Re7 64. Bf3 Rc7 65. Be4 Re7 66.
Kf3 Rc7 67. Bd5 Rc3+ 68. Kg2 Rc7 69. Rb2 Ba7 70. Re2 Bb6 71. f4 f5 72. Re6 Bd4
73. Kf1 Bf6 74. Re8 Rd7 75. Bc4 Rc7 76. Bd5 Rd7 77. Bf3 Rc7 78. Ra8 Re7 79. Ra6
Bd4 80. Rd6 Bc3 81. Bd5 Bf6 82. Rc6 Bd4 83. Rc8 Rd7 84. Bc4 Re7 85. Rg8+ Kh7
86. Rd8 Bf6 87. Rd6 Kg7 88. Rc6 Bd4 89. Kg2 Bf6 90. Kf3 Bd4 91. Be6 Bb2 92. Bd5
Bf6 93. Rc8 Rd7 94. Bc4 Re7 95. Rg8+ Kh7 96. Rf8 Kg7 97. Rg8+ Kh7 98. Rf8 Kg7
99. Rg8+ Kh7 1/2-1/2

[Event "2e Open International de Balagne"]
[Site "Calvi"]
[Date "2005.02.22"]
[Round "4.7"]
[White "Kryvoruchko, Yuriy"]
[Black "Campana, Marc-Antoine"]
[Result "1-0"]
[WhiteElo "2474"]
[BlackElo "1660"]
[PlyCount "33"]
[EventDate "2005.??.??"]

1. e4 e5 2. Nf3 Nc6 3. Bb5 a6 4. Ba4 Nf6 5. d4 exd4 6. O-O b5 7. Bb3 Be7 8. e5
Ne4 9. Bd5 Nc5 10. Nxd4 Bb7 11. Nf5 Bf8 12. Nc3 g6 13. Nh6 Bxh6 14. Bxh6 Qh4
15. Bg7 Rg8 16. Bf6 Qd4 17. e6 1-0

[Event "2e Open International de Balagne"]
[Site "Calvi"]
[Date "2005.02.22"]
[Round "4.8"]
[White "Haug, Rune"]
[Black "Oleksienko, Mikhailo"]
[Result "0-1"]
[WhiteElo "1499"]
[BlackElo "2469"]
[PlyCount "64"]
[EventDate "2005.??.??"]

1. f4 c5 2. Nf3 Nf6 3. e3 d5 4. d4 cxd4 5. exd4 Bf5 6. Bd3 e6 7. O-O Be7 8. c3
O-O 9. Ne5 Nbd7 10. Kh1 Bxd3 11. Qxd3 Ne4 12. Nd2 Ndf6 13. Qf3 Nxd2 14. Bxd2
Ne4 15. Be3 f6 16. Nd3 f5 17. g4 Bd6 18. g5 b5 19. Qh5 a5 20. a3 b4 21. axb4
axb4 22. cxb4 g6 23. Qe2 Qb6 24. Nc5 Qxb4 25. Nxe6 Rxa1 26. Rxa1 Re8 27. Qc2
Kf7 28. Nc7 Rc8 29. Ra7 Kg8 30. Ra8 Qb7 31. Qc6 Qxc6 32. Rxc8+ Kf7 0-1

[Event "2e Open International de Balagne"]
[Site "Calvi"]
[Date "2005.02.22"]
[Round "4.9"]
[White "Vovk, Yuri"]
[Black "Haugstad, Espen"]
[Result "1-0"]
[WhiteElo "2420"]
[BlackElo "1199"]
[PlyCount "85"]
[EventDate "2005.??.??"]

1. e4 c5 2. Nf3 d6 3. d4 cxd4 4. Nxd4 Nf6 5. Nc3 g6 6. Be3 Bg7 7. f3 O-O 8. Qd2
Nc6 9. O-O-O Qa5 10. Bc4 Bd7 11. h4 Rfc8 12. Bb3 Ne5 13. h5 Nxh5 14. Nd5 Qxd2+
15. Rxd2 Kf8 16. g4 Nf6 17. Rdh2 Nexg4 18. fxg4 Nxg4 19. Rxh7 e6 20. Bf4 exd5
21. Bxd6+ Kg8 22. Bxd5 Nf6 23. Rxg7+ Kxg7 24. Bxb7 Rh8 25. Rf1 Rae8 26. e5 Ng4
27. Bd5 Be6 28. Bxe6 fxe6 29. Nb5 Ne3 30. Re1 Nf5 31. Nc7 Nxd6 32. exd6 Kf6 33.
Nxe8+ Rxe8 34. Rd1 Rd8 35. c4 e5 36. c5 Ke6 37. b4 Kd7 38. b5 Rb8 39. c6+ Kc8
40. c7 Ra8 41. a4 Kb7 42. a5 g5 43. Kd2 1-0

[Event "2e Open International de Balagne"]
[Site "Calvi"]
[Date "2005.02.22"]
[Round "4.10"]
[White "Zozulia, Anna"]
[Black "Lillehagen, Morten"]
[Result "1-0"]
[WhiteElo "2411"]
[BlackElo "1009"]
[PlyCount "35"]
[EventDate "2005.??.??"]

1. e4 e5 2. Nf3 Nc6 3. Bb5 a6 4. Ba4 b5 5. Bb3 Na5 6. O-O d6 7. d4 Nxb3 8. axb3
Bg4 9. dxe5 dxe5 10. Qxd8+ Rxd8 11. Nxe5 Bc8 12. Nc3 Bb7 13. Nd3 Nf6 14. Bg5 h6
15. Bxf6 gxf6 16. Nf4 Rg8 17. Ncd5 c6 18. Nxf6+ 1-0

[Event "2e Open International de Balagne"]
[Site "Calvi"]
[Date "2005.02.22"]
[Round "4.11"]
[White "Galdunts, Sergey"]
[Black "Geronimi, Pierre-Francois"]
[Result "1-0"]
[WhiteElo "2489"]
[BlackElo "1720"]
[PlyCount "61"]
[EventDate "2005.??.??"]

1. e4 e5 2. Nf3 Nc6 3. Bb5 a6 4. Ba4 Nf6 5. d3 b5 6. Bb3 Bc5 7. O-O O-O 8. Nc3
d6 9. Bg5 h6 10. Bh4 Ne7 11. Bxf6 gxf6 12. Nh4 Kh7 13. Qh5 Be6 14. Nd5 Ng6 15.
Nf5 Bxf5 16. exf5 Nh8 17. Qh4 Kg7 18. Rae1 c6 19. Ne3 Rg8 20. Ng4 h5 21. Qxh5
Kf8 22. Qh6+ Ke7 23. Nxf6 Rf8 24. c3 Bb6 25. d4 Bc7 26. f4 Bb6 27. fxe5 dxe5
28. Rxe5+ Kd6 29. Ne8+ Kd7 30. Be6+ fxe6 31. Qxe6# 1-0

[Event "2e Open International de Balagne"]
[Site "Calvi"]
[Date "2005.02.22"]
[Round "4.12"]
[White "Yakivchik, Myroslava"]
[Black "Reppen, Sigmund"]
[Result "1-0"]
[WhiteElo "2360"]
[BlackElo "1699"]
[PlyCount "59"]
[EventDate "2005.??.??"]

1. e4 e5 2. Nf3 Nc6 3. d4 exd4 4. Nxd4 Bc5 5. Be3 Nxd4 6. Bxd4 Bxd4 7. Qxd4 Qf6
8. e5 Qc6 9. Nc3 Ne7 10. O-O-O a6 11. Bd3 Qxg2 12. Kb1 Qc6 13. Rhg1 Qh6 14. Qc5
Qc6 15. Qb4 g6 16. Ne4 Nd5 17. Qd4 b5 18. Qxd5 Qxd5 19. Nf6+ Kd8 20. Nxd5 Bb7
21. Nf6 c5 22. Be4 Bxe4 23. Nxe4 c4 24. Nf6 Ra7 25. Rd6 Ke7 26. f4 a5 27. c3
Rb7 28. Nd5+ Kf8 29. Rd1 b4 30. Rd4 1-0

[Event "2e Open International de Balagne"]
[Site "Calvi"]
[Date "2005.02.22"]
[Round "4.13"]
[White "Stubbe, Damien"]
[Black "Grabinsky, Vladimir"]
[Result "0-1"]
[WhiteElo "1889"]
[BlackElo "2315"]
[PlyCount "58"]
[EventDate "2005.??.??"]

1. d4 Nf6 2. c4 e6 3. Nf3 d5 4. Nc3 c5 5. e3 Nc6 6. a3 a6 7. dxc5 Bxc5 8. b4
Bb6 9. Bb2 O-O 10. Be2 Bc7 11. O-O Qd6 12. Qc2 Ne5 13. Nxe5 Qxe5 14. g3 Qg5 15.
cxd5 exd5 16. Bf3 Be6 17. Nxd5 Nxd5 18. Bxd5 Qxd5 19. Qxc7 Bh3 20. e4 Qb3 21.
Qc3 Qxc3 22. Bxc3 Bxf1 23. Kxf1 Rfd8 24. Re1 Rd3 25. Bb2 Rc8 26. Re2 Rcd8 27.
a4 Rb3 28. a5 Rxb4 29. Be5 Re8 0-1

[Event "2e Open International de Balagne"]
[Site "Calvi"]
[Date "2005.02.22"]
[Round "4.14"]
[White "Borstad, Thomas"]
[Black "Sanchez, Nicolas"]
[Result "1/2-1/2"]
[WhiteElo "1740"]
[BlackElo "2166"]
[PlyCount "100"]
[EventDate "2005.??.??"]

1. e4 g6 2. d4 Bg7 3. Nc3 d6 4. Be3 a6 5. f4 b5 6. Bd3 Bb7 7. a3 Nd7 8. Nf3 c5
9. dxc5 Nxc5 10. Bxc5 dxc5 11. e5 Qb6 12. Be4 Rd8 13. Qe2 Nh6 14. Bxb7 Qxb7 15.
Qe4 Qxe4+ 16. Nxe4 Nf5 17. Nxc5 Ne3 18. Kf2 Nxc2 19. Rac1 Nd4 20. Nxd4 Rxd4 21.
Ke3 Rd8 22. Nxa6 O-O 23. Rhd1 f6 24. Ke4 fxe5 25. fxe5 Rxd1 26. Rxd1 Rf2 27. b4
Re2+ 28. Kf3 Rxe5 29. Nc7 Kf7 30. h3 Bh6 31. Rd3 Bc1 32. Rc3 Bh6 33. Rd3 Bc1
34. Rc3 Bd2 35. Rd3 Bg5 36. Kf2 Bc1 37. Rf3+ Kg7 38. Rc3 Bb2 39. Rd3 h5 40. g4
hxg4 41. hxg4 Kf6 42. Kf3 e6 43. Kf4 Bc1+ 44. Kf3 Ke7 45. Kg3 g5 46. Kf3 Bf4
47. Kf2 Bc1 48. Kf3 Bf4 49. Kf2 Bc1 50. Kf3 Bf4 1/2-1/2

[Event "2e Open International de Balagne"]
[Site "Calvi"]
[Date "2005.02.22"]
[Round "4.15"]
[White "Cwiek, Perrine"]
[Black "Humeau, Cyril"]
[Result "0-1"]
[WhiteElo "1690"]
[BlackElo "2088"]
[PlyCount "84"]
[EventDate "2005.??.??"]

1. e4 Nf6 2. Nc3 d5 3. exd5 Nxd5 4. Be2 c6 5. Nf3 Bg4 6. O-O e6 7. d4 Be7 8.
Ne4 Nd7 9. c4 N5f6 10. Qc2 Nxe4 11. Qxe4 Nf6 12. Qd3 O-O 13. Bf4 Qa5 14. Rfe1
Bf5 15. Qb3 Qb4 16. Qxb4 Bxb4 17. Red1 Rfd8 18. Rac1 Bd6 19. Ne5 Nd7 20. Bg3
Nxe5 21. Bxe5 Rd7 22. Bxd6 Rxd6 23. Rd2 Rad8 24. Rcd1 Kf8 25. Kf1 e5 26. d5 Be6
27. Bf3 f5 28. Ke1 cxd5 29. Bxd5 Bxd5 30. cxd5 Ke7 31. Ke2 Ra6 32. a3 Kd6 33.
Rc1 Ra5 34. Ke3 Rd7 35. Rcd1 g5 36. f3 Ra4 37. Rc1 e4 38. Rd4 Rxd4 39. Kxd4 Re7
40. Re1 exf3 41. Rg1 f2 42. Rf1 Re2 0-1

[Event "2e Open International de Balagne"]
[Site "Calvi"]
[Date "2005.02.22"]
[Round "4.16"]
[White "Bos, Joachim"]
[Black "Kvisla, Johannes Luangtep"]
[Result "1/2-1/2"]
[WhiteElo "1680"]
[BlackElo "2003"]
[PlyCount "106"]
[EventDate "2005.??.??"]

1. e4 c5 2. Nf3 d6 3. Bb5+ Nd7 4. d4 Qa5+ 5. Nc3 a6 6. Bxd7+ Bxd7 7. O-O e6 8.
d5 e5 9. Nd2 Be7 10. f4 exf4 11. Rxf4 Bg5 12. Nc4 Qc7 13. Rf2 Bxc1 14. Qxc1
O-O-O 15. Qf4 Bb5 16. Nxb5 axb5 17. Qg4+ f5 18. Qxf5+ Kb8 19. Nd2 Nh6 20. Qh3
Qe7 21. a4 b4 22. a5 Qg5 23. Qd3 Ng4 24. Rf5 Qh4 25. h3 Ne5 26. Qb5 Qe7 27. a6
Qd7 28. Qxb7+ Qxb7 29. axb7 Kxb7 30. b3 Ra8 31. Rxa8 Rxa8 32. Nf3 Nxf3+ 33.
Rxf3 Ra2 34. Rf2 Kb6 35. Re2 c4 36. Kf2 Kc5 37. bxc4 Kxc4 38. e5 dxe5 39. d6
Ra7 40. Rxe5 Rd7 41. Re7 Rxd6 42. Rc7+ Kb5 43. c4+ bxc3 44. Rxc3 Rc6 45. Rxc6
Kxc6 46. Kf3 Kd6 47. Kf4 Ke6 48. g4 Kf6 49. g5+ Kg6 50. Kg4 h6 51. h4 hxg5 52.
hxg5 Kh7 53. Kh5 Kh8 1/2-1/2

[Event "2e Open International de Balagne"]
[Site "Calvi"]
[Date "2005.02.22"]
[Round "4.17"]
[White "Luciani, Thibault"]
[Black "Larsen Hagen, Brede Andre"]
[Result "1/2-1/2"]
[WhiteElo "1540"]
[BlackElo "1938"]
[PlyCount "120"]
[EventDate "2005.??.??"]

1. e4 e5 2. Nf3 Nc6 3. d4 exd4 4. Bc4 Nf6 5. O-O Bc5 6. e5 d5 7. exf6 dxc4 8.
Re1+ Be6 9. Ng5 Qd5 10. Nc3 Qf5 11. Nce4 O-O-O 12. g4 Qe5 13. Nxe6 fxe6 14.
fxg7 Rhe8 15. Bh6 Bb4 16. f4 Qb5 17. Rf1 d3 18. c3 Qd5 19. Qf3 Be7 20. g5 Qf5
21. Ng3 Qd5 22. f5 exf5 23. Nxf5 Bc5+ 24. Kh1 Qxf3+ 25. Rxf3 Ne5 26. Rff1 d2
27. g6 Nxg6 28. Rad1 Ne7 29. Rxd2 Rxd2 30. Bxd2 Ng6 31. Nh6 Ne7 32. Rf8 Kd7 33.
g8=Q Nxg8 34. Rxg8 Re2 35. Bf4 Rxb2 36. Rg7+ Ke6 37. Rxc7 Kd5 38. Nf5 Rxa2 39.
Ne3+ Bxe3 40. Bxe3 Ra3 41. Bd4 Rb3 42. Rxh7 a5 43. Rh5+ Ke4 44. Rxa5 b5 45. h4
b4 46. Re5+ Kd3 47. Re3+ Kd2 48. h5 bxc3 49. Rxc3 Rxc3 50. Bxc3+ Kxc3 51. h6
Kd2 52. h7 c3 53. h8=Q c2 54. Qd4+ Kc1 55. Qc3 Kb1 56. Qb3+ Ka1 57. Qc3+ Kb1
58. Qd3 Ka1 59. Qd2 Kb1 60. Qd3 Ka1 1/2-1/2

[Event "2e Open International de Balagne"]
[Site "Calvi"]
[Date "2005.02.22"]
[Round "4.18"]
[White "Danielsen, Magnus"]
[Black "Snerthammer, Daniel"]
[Result "1-0"]
[WhiteElo "1914"]
[BlackElo "1499"]
[PlyCount "59"]
[EventDate "2005.??.??"]

1. e4 c5 2. Nc3 d6 3. f4 g6 4. Nf3 Bg7 5. Bb5+ Nc6 6. Bxc6+ bxc6 7. d3 e6 8.
O-O Ne7 9. Qe1 O-O 10. b3 f5 11. e5 Nd5 12. Na4 Nb4 13. Rf2 Nd5 14. c4 Nb6 15.
Nxb6 axb6 16. Bb2 dxe5 17. Nxe5 Qc7 18. Rd2 Bf6 19. a3 Rb8 20. Qe3 Qd6 21. Rad1
b5 22. d4 Bxe5 23. dxe5 Qe7 24. a4 bxa4 25. Ba3 Rxb3 26. Rd3 Qb7 27. Qxc5 Rf7
28. Rd6 Bd7 29. Rxd7 Rb1 30. Rxb7 1-0

[Event "2e Open International de Balagne"]
[Site "Calvi"]
[Date "2005.02.22"]
[Round "4.19"]
[White "Getz, Nicolai"]
[Black "Reppen, Ellisiv"]
[Result "1-0"]
[WhiteElo "1499"]
[BlackElo "1891"]
[PlyCount "53"]
[EventDate "2005.??.??"]

1. e4 d5 2. exd5 Qxd5 3. Nc3 Qa5 4. d4 Nf6 5. Nf3 c6 6. Bc4 Bf5 7. O-O e6 8.
Ne2 Nbd7 9. Ng3 O-O-O 10. Bd2 Bb4 11. Nxf5 exf5 12. c3 Bd6 13. Ng5 Bxh2+ 14.
Kxh2 Qc7+ 15. Kg1 Ng4 16. g3 Qd6 17. Nxf7 Qg6 18. Qf3 h5 19. Nxh8 Rxh8 20. Rae1
h4 21. Re6 Ngf6 22. Bf4 hxg3 23. Rxc6+ bxc6 24. Qxc6+ Kd8 25. Bc7+ Ke8 26. Qe6+
Kf8 27. Bd6# 1-0

[Event "2e Open International de Balagne"]
[Site "Calvi"]
[Date "2005.02.22"]
[Round "4.20"]
[White "Bouthier, Jacques"]
[Black "Kirszenberg, Marc"]
[Result "0-1"]
[WhiteElo "2022"]
[BlackElo "2233"]
[PlyCount "108"]
[EventDate "2005.??.??"]

1. e4 d5 2. exd5 Nf6 3. Bc4 Nxd5 4. Nc3 Nb6 5. Bb3 Nc6 6. Nf3 Bf5 7. O-O e6 8.
d3 Be7 9. Re1 O-O 10. Ne4 Na5 11. Ng3 Bg6 12. Ne5 Nxb3 13. axb3 a6 14. Nxg6
hxg6 15. Ne4 Qd7 16. Bg5 f6 17. Be3 e5 18. f4 Nd5 19. Qf3 exf4 20. Bxf4 Qf5 21.
Ng3 Bc5+ 22. Kh1 Qd7 23. Bd2 f5 24. Re5 c6 25. Rae1 Bd4 26. R5e2 Rfe8 27. c3
Bb6 28. Bg5 Rxe2 29. Qxe2 Kf7 30. Nf1 Re8 31. Qd2 Rxe1 32. Qxe1 Qe6 33. Qd2 Nf6
34. Bxf6 Kxf6 35. d4 Qxb3 36. h4 Qe6 37. Qd3 Qe1 38. g3 Bc7 39. Kg2 g5 40.
hxg5+ Kxg5 41. Nh2 Qe4+ 42. Nf3+ Kg4 43. Qxe4+ fxe4 44. Nd2 Kf5 45. Nc4 b5 46.
Ne3+ Ke6 47. b3 Ba5 48. c4 Bb6 49. c5 Bd8 50. g4 Bg5 51. Nc2 a5 52. Kf2 Kd5 53.
Ke2 a4 54. bxa4 bxa4 0-1

[Event "2e Open International de Balagne"]
[Site "Calvi"]
[Date "2005.02.22"]
[Round "4.21"]
[White "Thomassen, Joachim"]
[Black "Gelis, Dorian"]
[Result "0-1"]
[WhiteElo "1948"]
[BlackElo "2172"]
[PlyCount "41"]
[EventDate "2005.??.??"]

1. Nf3 d6 2. d4 Nf6 3. c4 g6 4. Nc3 Bg7 5. e4 O-O 6. Be2 Nbd7 7. O-O e5 8. h3
Nh5 9. Re1 Nf4 10. Bf1 c6 11. a3 h6 12. d5 c5 13. Bd2 f5 14. g3 Nh5 15. exf5
Qe8 16. Nb5 Qe7 17. Nh4 Rf6 18. Nxg6 Qf7 19. g4 Nf4 20. Bxf4 exf4 21. Re7 0-1

[Event "2e Open International de Balagne"]
[Site "Calvi"]
[Date "2005.02.22"]
[Round "4.22"]
[White "Brethes, Francois"]
[Black "Ferrandi, Bernard"]
[Result "0-1"]
[WhiteElo "2147"]
[BlackElo "2007"]
[PlyCount "71"]
[EventDate "2005.??.??"]

1. d4 f5 2. Bg5 g6 3. e3 Bg7 4. Bd3 Nf6 5. Ne2 O-O 6. Nd2 c6 7. c3 d6 8. Qb3+
Kh8 9. h4 Nbd7 10. Nf4 Nb6 11. h5 h6 12. Nxg6+ Kh7 13. Nxf8+ Qxf8 14. Bxf6 Qxf6
15. O-O-O e5 16. f3 Be6 17. Qc2 Nd5 18. Rde1 Kg8 19. e4 Nf4 20. exf5 Nxd3+ 21.
Qxd3 Bxf5 22. Ne4 Qf7 23. g4 Bh7 24. g5 hxg5 25. h6 Bh8 26. Qd2 Qxa2 27. Qxg5+
Kf8 28. f4 Qa1+ 29. Kc2 Bxe4+ 30. Rxe4 Qxh1 31. Qf5+ Ke7 32. fxe5 Qg2+ 33. Kc1
Kd8 34. exd6 Qh1+ 35. Kc2 Qxh6 36. Qf7 0-1

[Event "2e Open International de Balagne"]
[Site "Calvi"]
[Date "2005.02.22"]
[Round "4.23"]
[White "Rossi, Pascal"]
[Black "Guennoun, Anthony"]
[Result "0-1"]
[WhiteElo "1811"]
[BlackElo "2101"]
[PlyCount "78"]
[EventDate "2005.??.??"]

1. d4 c5 2. d5 e5 3. c4 d6 4. Nc3 f5 5. e4 Nf6 6. Bd3 fxe4 7. Bxe4 Be7 8. Nf3
O-O 9. Ng5 h6 10. Ne6 Bxe6 11. dxe6 Nc6 12. Bd5 Qc8 13. Qd3 Nd4 14. Qg6 Kh8 15.
Bxh6 gxh6 16. Qxh6+ Nh7 17. Be4 Nf5 18. Qh3 Qxe6 19. Nd5 Bd8 20. Ne3 Ba5+ 21.
Kf1 Nxe3+ 22. Qxe3 Qxc4+ 23. Kg1 Qd4 24. Qe2 Rf4 25. Bxh7 Kxh7 26. Rd1 Qe4 27.
Qh5+ Kg7 28. g3 Qf5 29. Qe2 Rd4 30. Rf1 a6 31. h4 b5 32. h5 Rd2 33. h6+ Kh7 34.
Qe3 Rd3 35. Qe2 Qf3 36. Qc2 c4 37. Qc1 Rg8 38. Rh3 Bb6 39. Qe1 Rxg3+ 0-1

[Event "2e Open International de Balagne"]
[Site "Calvi"]
[Date "2005.02.22"]
[Round "4.24"]
[White "Stubberud, Ornulf"]
[Black "Astrup, Hkon"]
[Result "1-0"]
[WhiteElo "2093"]
[BlackElo "1965"]
[PlyCount "47"]
[EventDate "2005.??.??"]

1. c4 c6 2. Nf3 d5 3. b3 Nf6 4. Bb2 Bg4 5. d4 e6 6. Nbd2 Bd6 7. e3 Nbd7 8. Qc2
Qe7 9. Ne5 Bf5 10. Bd3 Bxd3 11. Qxd3 Ba3 12. Bxa3 Qxa3 13. f4 O-O 14. O-O Rad8
15. c5 Rfe8 16. Rf3 Nf8 17. Qc2 N6d7 18. Raf1 Re7 19. Rg3 f6 20. Nef3 e5 21.
fxe5 fxe5 22. Nh4 Ne6 23. Nf5 Rf7 24. Nh6+ 1-0

[Event "2e Open International de Balagne"]
[Site "Calvi"]
[Date "2005.02.22"]
[Round "4.25"]
[White "Galli, Jean-Christian"]
[Black "Gil, Ludovic"]
[Result "0-1"]
[WhiteElo "2059"]
[BlackElo "1790"]
[PlyCount "100"]
[EventDate "2005.??.??"]

1. d4 d5 2. c4 Nc6 3. Nf3 Bg4 4. e3 Qd7 5. cxd5 Qxd5 6. Nc3 Qd8 7. Bc4 Nf6 8.
Qb3 e6 9. Qxb7 Bxf3 10. gxf3 Na5 11. Bb5+ c6 12. Bxc6+ Nxc6 13. Qxc6+ Nd7 14.
Bd2 Be7 15. Rg1 O-O 16. Ne4 Rc8 17. Qa6 Qc7 18. Bc3 Nf6 19. Ke2 Nd5 20. Rac1
Ra8 21. Qd3 g6 22. h4 Bxh4 23. Rh1 Be7 24. Bd2 Qb6 25. b3 Rfc8 26. Nc3 Nb4 27.
Qb5 Nxa2 28. Qe5 Nxc1+ 29. Rxc1 Qxb3 30. Rb1 Qc4+ 31. Ke1 Qc7 32. Qe4 Rab8 33.
Rc1 Qb7 34. Qe5 Qxf3 35. e4 Qh1+ 36. Ke2 Qh5+ 37. Qxh5 gxh5 38. Rg1+ Kh8 39. d5
Rb2 40. Kd3 Rxd2+ 41. Kxd2 Bb4 42. Rg3 Bxc3+ 43. Rxc3 Rxc3 44. Kxc3 exd5 45.
exd5 Kg8 46. Kd4 Kf8 47. Ke5 Ke8 48. Kf6 h4 49. f4 h3 50. d6 h2 0-1

[Event "2e Open International de Balagne"]
[Site "Calvi"]
[Date "2005.02.22"]
[Round "4.26"]
[White "Poiron, Nicolas"]
[Black "Thomassen, Thomas"]
[Result "0-1"]
[WhiteElo "1660"]
[BlackElo "2046"]
[PlyCount "60"]
[EventDate "2005.??.??"]

1. e4 c5 2. Nf3 Nc6 3. d4 cxd4 4. Nxd4 Nf6 5. Nc3 e5 6. Ndb5 d6 7. Nd5 Nxd5 8.
exd5 Nb8 9. c4 a6 10. Nc3 Be7 11. Bd3 O-O 12. O-O f5 13. f3 Nd7 14. Kh1 Nf6 15.
Be3 Bd7 16. Bg1 Nh5 17. b4 Bh4 18. Bf2 Bxf2 19. Rxf2 Qh4 20. Rd2 Rae8 21. Qe1
Qf6 22. Re2 Nf4 23. Re3 e4 24. fxe4 Nxd3 25. Rxd3 fxe4 26. Re3 Qd4 27. Nxe4 Ba4
28. Nf6+ Qxf6 29. Re6 Rxe6 30. dxe6 Re8 0-1